书目信息 |
| 题名: |
将帅诗词选
|
|
| 作者: | 魏巍 主编 | |
| 分册: | ||
| 出版信息: | 沈阳 辽宁人民出版社 1987 |
|
| 页数: | 29,717页 | |
| 开本: | 21cm | |
| 丛书名: | ||
| 单 册: | ||
| 中图分类: | I226 , I22 | |
| 科图分类: | ||
| 主题词: | 诗词--作品集--中国--现代 , 诗词--作品集--中国--当代 | |
| 电子资源: | ||
| ISBN: | 7-205-00144-7 | |
| 000 | 00839nam0 2200265 450 | |
| 001 | 1531282755 | |
| 005 | 20150118084152.54 | |
| 010 | @a7-205-00144-7@dCNY5.20 | |
| 091 | @a10090.453 | |
| 100 | @a20140318d1987 em y0chiy50 ea | |
| 101 | 0 | @achi |
| 102 | @aCN@b210000 | |
| 105 | @ay z 000gd | |
| 200 | 1 | @a将帅诗词选@9jiang shuai shi ci xuan@f《将帅诗词选》编委会编 |
| 210 | @a沈阳@c辽宁人民出版社@d1987 | |
| 215 | @a29,717页@d21cm | |
| 314 | @a主编:魏巍 | |
| 330 | @a本书收集了朱德、彭德怀、刘伯承、贺龙、陈毅、罗荣桓、徐向前、聂荣臻、叶剑英等开国将帅的诗词作品,并附有作者介绍和相关注释说明。 | |
| 606 | 0 | @a诗词@x作品集@y中国@z现代 |
| 606 | 0 | @a诗词@x作品集@y中国@z当代 |
| 690 | @aI226@v5 | |
| 690 | @aI22@v4 | |
| 701 | 0 | @a魏巍@9wei wei@f(1920~2008)@4主编 |
| 801 | 0 | @aCN@bTSSF@c20150115 |
| 905 | @aZUCC@dI22@eJY14 | |
| 将帅诗词选/《将帅诗词选》编委会编.-沈阳:辽宁人民出版社,1987 |
| 29,717页;21cm |
| ISBN 7-205-00144-7:CNY5.20 |
| 本书收集了朱德、彭德怀、刘伯承、贺龙、陈毅、罗荣桓、徐向前、聂荣臻、叶剑英等开国将帅的诗词作品,并附有作者介绍和相关注释说明。 |
| ● |
| 相关链接 |
|
|
|
|
正题名:将帅诗词选
索取号:I22/JY14
 
预约/预借
| 序号 | 登录号 | 条形码 | 馆藏地/架位号 | 状态 | 备注 |
| 1 | 7841439 | 278414397 | 学院路分馆/ [索取号:I22/JY14] | 在馆 |